| 000 | 00387nam a22001577a 4500 | ||
|---|---|---|---|
| 003 | SGT | ||
| 020 | _a9788131250464 | ||
| 082 |
_a614.1 _bF18B |
||
| 100 | _aBAKKANNAVAR, SHARMA. M. | ||
| 245 | _aFORENSIC MEDICINE AND TOXICOLOGY PRACTICAL MANUAL | ||
| 260 |
_aNEW DELHI _bELSEVIER _c2018 |
||
| 300 | _a247 | ||
| 650 | _aTOXICOLOGY | ||
| 653 | _aFORNAISIC, TOXICOLOGY | ||
| 942 |
_2ddc _cBK |
||
| 999 |
_c22879 _d22879 |
||